Solar energy pioneer with explanatory notes by the author selected reprints of papers by harry zvi tabor (Record no. 582593)

000 -LEADER
fixed length control field 00584nam a22001817a 4500
003 - CONTROL NUMBER IDENTIFIER
control field CEME
005 - DATE AND TIME OF LATEST TRANSACTION
control field 20210628205849.0
008 - FIXED-LENGTH DATA ELEMENTS--GENERAL INFORMATION
fixed length control field 210317b xxu||||| |||| 00| 0 eng d
020 ## - INTERNATIONAL STANDARD BOOK NUMBER
International Standard Book Number 0-86689-054-8
040 ## - CATALOGING SOURCE
Transcribing agency .
082 ## - DEWEY DECIMAL CLASSIFICATION NUMBER
Classification number 621.47 SOL
100 ## - MAIN ENTRY--PERSONAL NAME
Personal name Tabor, Harry.Zvi Prince, Morton.B
9 (RLIN) 77300
245 ## - TITLE STATEMENT
Title Solar energy pioneer with explanatory notes by the author selected reprints of papers by harry zvi tabor
260 ## - PUBLICATION, DISTRIBUTION, ETC.
Place of publication, distribution, etc. GERMANY
Name of publisher, distributor, etc. INTER SOLAR ENERGY SOCIETY
Date of publication, distribution, etc. 1999
300 ## - PHYSICAL DESCRIPTION
Extent XXVI,252P
650 ## - SUBJECT ADDED ENTRY--TOPICAL TERM
Topical term or geographic name entry element SOLAR ENERGY-TECHNOLOGY SOLAR ENERGY-PAPER
9 (RLIN) 77301
942 ## - ADDED ENTRY ELEMENTS (KOHA)
Koha item type Book
Source of classification or shelving scheme
Holdings
Withdrawn status Lost status Damaged status Not for loan Permanent Location Current Location Shelving location Date acquired Total Checkouts Full call number Barcode Date last seen Price effective from Koha item type
        College of Electrical & Mechanical Engineering (CEME) College of Electrical & Mechanical Engineering (CEME) General Stacks 06/06/2017   621.47 SOL CEME-32974 06/28/2021 06/28/2021 Book
        College of Electrical & Mechanical Engineering (CEME) College of Electrical & Mechanical Engineering (CEME) General Stacks 06/06/2017   621.47 SOL CEME-32973 06/28/2021 06/28/2021 Book
© 2023 Central Library, National University of Sciences and Technology. All Rights Reserved.